000
00314nam a2200133Ia 4500
008
240624s9999 xx 000 0 und d
041
_a
eng
082
_a
330.973 SOR
100
_a
SORKIN ANDREW ROSS
245
_a
TOO BIG TO FAIL
260
_c
2009
_a
New York
_b
Penguin UK
300
_a
352 : p.
365
_c
RS
_b
27
999
_c
16626
_d
16626